| 000 | 00534nam a2200181 i 4500 | ||
|---|---|---|---|
| 001 | 38833 | ||
| 003 | ES-MaACL | ||
| 005 | 20230912063104.0 | ||
| 007 | t| | ||
| 008 | 030226s1875 sp ||||1| spa d | ||
| 100 | 1 |
_aCampoamor, Ramón de, _d1817-1901 _934232 |
|
| 245 | 1 | 3 |
_aEl drama universal _b: poema en ocho jornadas / _cRamón de Campoamor. |
| 250 | _a3ª ed. | ||
| 260 |
_aMadrid : _b[s.n., _c1875] ( _fM. Rivadeneyra) |
||
| 300 |
_aXXXIV, 332 p. ; _c17 cm. |
||
| 852 |
_aES-MaACL _jD-1849 |
||
| 999 |
_c38833 _d38833 |
||